00827nam a2200181 i 4500001000700000003000900007005001700016008004100033100003500074245012000109260008500229300002100314500004600335650002000381650003200401711007900433852013300512165113ES-MaACL20230906213053.0050816s1899 sp |||| | spa d1 aSegalá y Estalella, Manuel.10aLactancia mercenaria en Barcelona b: datos estadísticos referentes a la misma / cpor Manuel Segalá Estalella. aBarcelona : b[s.n.], c1899 (fTip La Académica, de Serra hermanos y Russell) a16 p. ; c27 cm. aEn cub.: Sección 6ª. Higiene infantil. 4aAmas de cría. 4aLactantes-xAlimentación.2 aCongreso Internacional de Higiene y Demografía (n9ª. d1898. cMadrid) aES-MaACLjT-784-F-11 z- Enc. hol., conservando cub. original z- Enc. en un vol. facticio z.- Dedicatoria manuscrita del autor